书目信息 |
| 题名: |
亚历山大帝国
|
|
| 作者: | 博斯沃思 , Bosworth 著 ;王桂玲 译 | |
| 分册: | ||
| 出版信息: | 西宁 青海人民出版社 2006 |
|
| 页数: | 306页 | |
| 开本: | 24cm | |
| 丛书名: | 帝国史译丛 | |
| 单 册: | ||
| 中图分类: | K134 | |
| 科图分类: | ||
| 主题词: | 马其顿王朝(867-1057)--历史 , 马其顿王朝(867-1057) | |
| 电子资源: | ||
| ISBN: | 7-225-02788-3 | |
| 000 | 01210oam2 2200313 450 | |
| 001 | 012007326571 | |
| 005 | 20070515104506.93 | |
| 010 | @a7-225-02788-3@dCNY32.00 | |
| 100 | @a20070423d2006 km y0chiy0120 ea | |
| 101 | 1 | @achi@ceng |
| 102 | @aCN@b640000 | |
| 105 | @ab z 000yd | |
| 106 | @ar | |
| 200 | 1 | @a亚历山大帝国@Aya li shan da di guo@f(澳)A.B. 博斯沃思著@F(ao)A.B.bo si wo si zhu@g王桂玲译@Gwang gui ling yi |
| 210 | @a西宁@c青海人民出版社@d2006 | |
| 215 | @a306页@c地图@d24cm | |
| 225 | 2 | @a帝国史译丛 |
| 306 | @a本书中文简体字版由英国Cambridge University Press授权青海人民出版社出版 | |
| 330 | @a本书记述了亚历山大大帝短暂而辉煌的一生,以及帝国骤然而兴、倏忽而逝的详尽历史过程,深刻剖析了亚历山大的征服对马其顿、希腊世界以及波斯帝国的影响,淋漓尽致地展示了亚历山大卓越的军事指挥艺术及娴熟化解各种矛盾的政治才能。 | |
| 461 | 0 | @12001 @a帝国史译丛 |
| 510 | 1 | @aReign of Alexander the great@zeng |
| 606 | 0 | @a马其顿王朝(867-1057)@x历史 |
| 606 | 0 | @a马其顿王朝(867-1057) |
| 690 | @aK134@v4 | |
| 701 | 1 | @c(澳)@a博斯沃思@Abo si wo si@bA.B.@4著 |
| 701 | 1 | @c(澳)@aBosworth@bA.B.@4著 |
| 702 | 0 | @a王桂玲@Awang gui ling@4译 |
| 801 | 0 | @aCN@bRULIN@c20070515 |
| 905 | @dK134@e165@s5 | |
| 亚历山大帝国/(澳)A.B. 博斯沃思著/王桂玲译.-西宁:青海人民出版社,2006 |
| 306页:地图;24cm.-(帝国史译丛) |
| ISBN 7-225-02788-3:CNY32.00 |
| 本书记述了亚历山大大帝短暂而辉煌的一生,以及帝国骤然而兴、倏忽而逝的详尽历史过程,深刻剖析了亚历山大的征服对马其顿、希腊世界以及波斯帝国的影响,淋漓尽致地展示了亚历山大卓越的军事指挥艺术及娴熟化解各种矛盾的政治才能。 |
| ● |
| 相关链接 |
|
|
|
|
正题名:亚历山大帝国
索取号:K134/165
 
预约/预借
| 序号 | 登录号 | 条形码 | 馆藏地/架位号 | 状态 | 备注 |
| 1 | 0570071 | 205700712 | 第二样本阅览室/ [索取号:K134/165] | 在馆 | |
| 2 | 0570072 | 205700721 | 第二借阅区/ [索取号:K134/165] | 在馆 | |
| 3 | 0570073 | 205700730 | 第二借阅区/ [索取号:K134/165] | 在馆 | |
| 4 | 0570074 | 205700749 | 第二借阅区/ [索取号:K134/165] | 在馆 | |
| 5 | 0570075 | 205700758 | 第二借阅区/ [索取号:K134/165] | 在馆 |